书目信息 |
| 题名: |
物理学进展
|
|
| 作者: | ;江苏省物理学会 编 | |
| 分册: | ||
| 出版信息: | 南京 江苏科学技术出版社 1980 |
|
| 页数: | 243页 | |
| 开本: | 19cm | |
| 丛书名: | ||
| 单 册: | ||
| 中图分类: | O4-1 | |
| 科图分类: | ||
| 主题词: | 物理学--进展 | |
| 电子资源: | ||
| ISBN: | ||
| 000 | 00619nam0 2200229 45 | |
| 001 | 0180005399 | |
| 005 | 20060816102530.76 | |
| 010 | @dCNY0.83 | |
| 091 | @a13196.012 | |
| 100 | @a19950428d1980 emky0chiy0121 ea | |
| 101 | 0 | @achi |
| 102 | @aCN@b320000 | |
| 105 | @ay z 000yy | |
| 200 | 10 | @a物理学进展@Awu li xue jin zhan@f江苏省物理学会编 |
| 210 | @a南京@c江苏科学技术出版社@d1980 | |
| 215 | @a243页@d19cm | |
| 606 | @a物理学@x进展 | |
| 690 | @aO4-1@v3 | |
| 711 | 02 | @a江苏省物理学会@Ajiang su sheng wu li xue hui@4编 |
| 801 | 0 | @aCN@bTSSF@c20060816 |
| 801 | 2 | @aCN@bNLC@c20060726 |
| 905 | @a10447@dO4-1@e395 | |
| 物理学进展/江苏省物理学会编.-南京:江苏科学技术出版社,1980 |
| 243页;19cm |
| ISBN :CNY0.83 |
| ● |
| 相关链接 |
|
|
|
|
正题名:物理学进展
索取号:O4-1/395
 
预约/预借
| 序号 | 登录号 | 条形码 | 馆藏地/架位号 | 状态 | 备注 |
| 1 | 0433318 | 204333186 | 密集书库/ [索取号:O4-1/395] | 在馆 | |
| 2 | 0461829 | 204618299 | 密集书库/ [索取号:O4-1/395] | 在馆 |